[Event "43rd Guernsey Festival 2017"]
[Site "Vale"]
[Date "2017.10.16"]
[Round "2"]
[White "Rosen, Daniel B"]
[Black "Van den Boogaart, Jan Maarten"]
[Result "1-0"]
[WhiteElo "2042"]
[BlackElo "1991"]
[Annotator "NA RC"]
[PlyCount "51"]
[EventDate "2017.??.??"]
[EventType "swiss"]
[EventCountry "GCI"]
[SourceTitle "playchess.com"]
[Source "ChessBase"]
[SourceQuality "1"]
[TimeControl "40/6000+30:2400+30"]

{[%evp 8,51,0,-29,0,-28,-20,-21,-24,-21,-11,-16,0,-26,-28,-40,-35,-62,-52,-61,-60,-60,-60,-110,-46,-52,-45,-70,-79,-79,-38,-43,-40,-31,-45,-46,-33,-41,-32,-52,-39,-41,0,0,0,-39]} 1. e4 {[%emt 0:00:00]} c5 {[%emt 0:00:14]} 2. Nc3 {[%emt 0:00:00]} Nc6 {[%emt 0:00:24]} 3. f4 {[%emt 0:00:07]} e6 {[%emt 0:03:21]} 4. Nf3 {[%emt 0:00:11]} d5 {[%emt 0:01:58]} 5. d3 {[%emt 0:04:57]} Nf6 {[%emt 0:01:44]} 6. Be2 {[%emt 0:03:55]} Be7 {[%emt 0:02:14]} 7. O-O {[%emt 0:00:15] LiveBook: 6 Games} O-O {[%emt 0:02:12]} 8. Qe1 {[%emt 0:06:08]} a6 {[%emt 0:07:23]} 9. a4 {[%emt 0:03:13]} Rb8 {[%emt 0:10:33]} 10. Kh1 $146 {[%emt 0:09:45] B23: Closed Sicilian: Lines without g3} ({Predecessor:} 10. Qg3 b5 11. axb5 axb5 12. e5 Ne8 13. Nd1 Nd4 14. Nxd4 cxd4 15. Nf2 Qc7 16. Bd1 f6 17. Ng4 f5 {0-1 (38) Halser,W (2195)-Schlosser,M (2365) Austria 1994}) 10... b5 {[%emt 0:06:14]} 11. axb5 {[%emt 0:00:15]} axb5 {[%emt 0:00:00]} 12. Ne5 {[%emt 0:01:42]} Nd4 {[%emt 0:03:16]} 13. Bd1 $1 {[%emt 0:01:33]} Bb7 {[%emt 0:06:50]} 14. exd5 $1 {[%emt 0:12:21]} Nxd5 {[%emt 0:09:03]} ({But not} 14... Bxd5 $6 15. Nxd5 Qxd5 16. Ra7 $14) 15. Ne4 {[%emt 0:03:05]} Ra8 {[%emt 0:08:23]} (15... Nb4 $17 16. Ra7 f6) 16. Rxa8 {[%emt 0:01:55]} Bxa8 {[%emt 0:00:10]} 17. Nf3 {[%emt 0:01:38]} Nf5 {[%emt 0:05:41]} 18. Ng3 {[%emt 0:01:35]} Nh4 {[%emt 0:03:11]} 19. Nxh4 {[%emt 0:03:32]} Bxh4 {[%emt 0:00:07]} 20. f5 {[%emt 0:00:18]} exf5 {[%emt 0:13:29]} 21. Rxf5 {[%emt 0:00:39]} Re8 {[%emt 0:00:24]} 22. Re5 {[%emt 0:02:15]} Rxe5 {[%emt 0:01:53]} 23. Qxe5 {[%emt 0:00:08]} Bf6 {[%emt 0:00:20]} 24. Qe1 {[%emt 0:02:06]} Bh4 {[%emt 0:09:18]} 25. Qe5 {[%emt 0:09:37]} Bf6 {[%emt 0:00:26]} 26. Qe1 $15 {[%emt 0:00:12]} 1-0

[Event "43rd Guernsey Festival 2017"]
[Site "Vale"]
[Date "2017.10.16"]
[Round "2"]
[White "Wager, John D"]
[Black "Le Roux, Jean-Pierre"]
[Result "0-1"]
[WhiteElo "2025"]
[BlackElo "2554"]
[Annotator "TA"]
[PlyCount "64"]
[EventDate "2017.??.??"]
[EventType "swiss"]
[EventCountry "GCI"]
[SourceTitle "playchess.com"]
[Source "ChessBase"]
[SourceQuality "1"]

{[%evp 19,64,69,85,79,85,79,95,27,15,-36,-29,-34,-29,-59,-60,-171,-172,-266,-277,-355,-347,-346,-296,-293,-280,-258,-158,-147,-143,-289,-271,-252,-171,-303,-298,-288,-281,-272,-278,-387,-378,-485,-470,-609,-610,-598,-14]} 1. d4 Nf6 2. Nf3 c5 3. d5 g6 4. g3 Bg7 5. Bg2 O-O 6. O-O d6 7. Nc3 Na6 8. e4 Bg4 9. h3 {A43: Schmid Benoni} Bxf3 10. Qxf3 Nc7 {LiveBook: 5 Games} (10... Nd7 11. Qe2 Nc7 12. a4 b6 13. Bg5 h6 14. Be3 a6 15. Ra2 Rb8 16. Rfa1 b5 17. axb5 axb5 {1-0 (60) Kunin,V (2556)-Bologan,V (2607) Berlin 2015}) 11. Qe2 {White is better.} Rb8 12. a4 e6 $146 {[%cal Be7e6,Be6d5,Bd5d4,Bd4c3,Bc3b2][%mdl 32]} ({Predecessor:} 12... b6 13. Nb5 Nxb5 14. axb5 Qc7 15. Ra3 Nd7 16. c3 Rb7 {½-½ (41) Moser,E (2424)-Hausner,I (2460) Austria 2010}) 13. Be3 ({Better is} 13. dxe6 $16 Nxe6 14. Qd3) 13... exd5 $11 14. e5 (14. exd5 $11 Nd7 15. Rfe1) 14... d4 $15 15. exf6 Bxf6 16. Bh6 {[#] Black must now prevent Nb5.} dxc3 17. Bxf8 (17. bxc3 $15 Re8 18. Qd3) 17... cxb2 $19 ({And not} 17... Qxf8 18. bxc3 Bxc3 19. Ra3 $11) 18. Rad1 (18. Ra3 $142 Qxf8 19. c3) 18... Qxf8 19. Qd3 b5 20. a5 Rd8 21. Qf3 Kg7 22. Qb7 Ne6 23. Qxa7 Nd4 24. Rd2 (24. a6 $17) 24... b4 25. a6 Nb5 26. Qb7 {[#]} (26. Qb6 $142 Nc3 27. a7) 26... Rb8 $1 {[%cal Rb8b7]} 27. Qd7 Qe7 28. Qxe7 Bxe7 29. Bc6 Rb6 30. Bb7 Nc7 {Black is clearly winning.} 31. Rb1 Bf6 32. Bg2 Rb8 $2 {[%mdl 32768] Precision: White = 30%, Black = 74%. . Loss on Time!?} ({Black should try} 32... Rxa6 $19 33. Bf1 Ra1) 0-1

[Event "43rd Guernsey Festival 2017"]
[Site "Vale"]
[Date "2017.10.16"]
[Round "2"]
[White "Collier, David O"]
[Black "Enkhtuul, Altan-Ulzii"]
[Result "0-1"]
[WhiteElo "2015"]
[BlackElo "2327"]
[Annotator "TA"]
[PlyCount "82"]
[EventDate "2017.??.??"]
[EventType "swiss"]
[EventCountry "GCI"]
[SourceTitle "playchess.com"]
[Source "ChessBase"]
[SourceQuality "1"]

{[%evp 9,82,-105,16,18,14,0,5,0,28,28,26,-5,25,20,23,7,30,32,27,23,28,32,29,36,33,32,48,24,52,46,51,47,54,51,63,43,77,72,120,0,0,0,0,-143,-133,-587,-666,-609,-635,-586,0,-189,-93,-193,-183,-174,-174,-169,-166,-164,-69,-95,-102,-288,-110,-279,-290,-291,-291,-288,-283,-282,-275,-353,-359]} 1. d4 Nf6 2. Bg5 d5 3. Nf3 Ne4 4. Bf4 e6 5. e3 Bd6 (5... g5 $1 $17 {[%cal Rg5f4]} 6. Bg3 h5) 6. Bxd6 {D03: 1 d4 d5 2 Nf3 Nf6 3 Bg5, including Torre Attack with early ...d5} Qxd6 7. c3 (7. Nbd2 Nxd2 8. Qxd2 O-O 9. Bd3 Nd7 10. c4 dxc4 11. Bxc4 b6 12. O-O Bb7 13. Be2 Rfd8 14. Rfd1 c5 15. Rac1 Rac8 16. Qe1 cxd4 17. Rxd4 {1-0 (52) Romanov,E (2619)-Paravyan,D (2528) Sochi 2016}) 7... O-O 8. Bd3 {The position is equal.} f5 9. O-O Nd7 10. Nbd2 (10. a4 {is interesting.} b6 11. c4 c5 12. Nc3 Bb7 13. a5) 10... e5 $146 (10... b6 {is more complex.} 11. c4 Bb7 12. Rc1 Rac8 13. Qb3 Qe7) ({Predecessor:} 10... a5 11. Rc1 c6 12. c4 Kh8 13. c5 Qc7 {0-1 (41) Yordanov,V (1622)-Krastev,G (2154) Albena 2016}) 11. dxe5 Nxe5 12. Nxe5 Nxd2 (12... Qxe5 {keeps more tension.} 13. Qc2 Be6 14. Nf3 Qf6 15. Nd4 Nd6) 13. Qxd2 Qxe5 14. Qc2 Kh8 15. Rac1 Bd7 16. Rfe1 Rae8 17. Qd2 Bc6 18. a4 a6 19. Ra1 Qd6 20. b4 Qd7 21. Bc2 Rf6 22. Red1 Rg6 23. g3 Rh6 {[#]} 24. h4 (24. b5 $1 $16 {[%cal Rb5c6][%mdl 512]} axb5 25. axb5 Bxb5 26. Qxd5 Qxd5 27. Rxd5) 24... f4 $1 $11 25. exf4 {Threatens to win with Re1.} Rxh4 {Hoping for ...d4!} 26. Qd3 (26. gxh4 $2 {is the wrong capture.} Qg4+ 27. Kh2 d4 $19) (26. Qd4 $11) 26... Rh6 $17 27. f5 $2 {[%mdl 8192] [#]} (27. Qf1 $17) 27... d4 $1 $19 {[%csl Gc6][%cal Rh6h1][%mdl 512]} 28. f3 (28. cxd4 Rh1#) 28... Qd6 29. Kg2 dxc3 $2 (29... Rh5 $1 $19 {[%cal Rh5g5]} 30. Qd2 Qd5) 30. Re1 $2 (30. b5 $11 Qxd3 31. Bxd3) 30... Rd8 $40 {[%mdl 128] Black goes for the king.} (30... Qxb4 31. Rxe8+ Bxe8 32. Qd8 $18) (30... Qxd3 $1 $19 {and Black stays clearly on top.} 31. Bxd3 Rxe1 32. Rxe1 Rd6) 31. b5 (31. Rad1 $17) 31... Qxd3 32. Bxd3 {[#]} Bxf3+ $1 {[%mdl 512]} 33. Kxf3 {And now Re3 would win.} Rxd3+ {[%mdl 4096] Endgame KRR-KRR} 34. Kf4 {[%cal Re1e8] [#]} Rd4+ ({Black should play} 34... Kg8 $1 $19 {White must now prevent ...c2.} 35. Re8+ Kf7) 35. Kg5 $1 $15 {[%cal Re1e8]} Kg8 {Strongly threatening ...c2.} 36. Re8+ Kf7 {( -> ...Rh3)} 37. Rae1 $2 (37. Rc8 $17 {is the only way for White.}) 37... Rd7 $19 38. R8e3 axb5 39. axb5 Rb6 ({Don't play} 39... c2 40. Rc3 $19) 40. Rxc3 Rxb5 41. Ra3 h6+ {Precision: White = 47%, Black = 42%.} 0-1

[Event "43rd Guernsey Festival 2017"]
[Site "Vale"]
[Date "2017.10.16"]
[Round "2"]
[White "Van Dijk, Bram"]
[Black "Jackson, Oliver A"]
[Result "1/2-1/2"]
[WhiteElo "1999"]
[BlackElo "2168"]
[Annotator "TA"]
[PlyCount "40"]
[EventDate "2017.??.??"]
[EventType "swiss"]
[EventCountry "GCI"]
[SourceTitle "playchess.com"]
[Source "ChessBase"]
[SourceQuality "1"]

{[%evp 11,40,-29,-2,-3,0,-7,0,-2,-14,-14,-14,-27,-20,-26,-22,-23,-6,-29,-29,-49,-61,-50,43,32,39,30,31,23,59,37,41]} 1. e4 c5 2. Nc3 e6 3. f4 a6 4. a4 d5 5. d3 Nc6 6. Nf3 Nf6 7. e5 {B23: Closed Sicilian: Lines without g3} Nd7 8. g3 Be7 9. Qe2 {The position is equal.} O-O $146 ({Predecessor:} 9... Nd4 10. Qf2 Qa5 11. Kd1 Nxf3 12. Qxf3 b5 13. Bh3 b4 14. Ne2 g6 {0-1 (47) Gelashvili,T (2325)-Chuprov,A (2420) Guarapuava 1995}) 10. Bg2 Rb8 11. Nd1 {[%cal Bc3d1,Bd1f2,Bf2g4][%mdl 32]} b5 12. axb5 axb5 13. O-O Qb6 14. Kh1 Bb7 15. Be3 Ra8 16. Nf2 f6 (16... Ra4 $15) 17. exf6 $14 Rxa1 {[#]} 18. f7+ $1 {[%mdl 512]} Rxf7 19. Rxa1 e5 20. Ng4 {[%cal Rg4e5]} d4 $1 {Precision: White = 52%, Black = 54%.} 1/2-1/2

[Event "43rd Guernsey Festival 2017"]
[Site "Vale"]
[Date "2017.10.16"]
[Round "2"]
[White "De Kruif, Kees"]
[Black "Mack, Wolfgang"]
[Result "0-1"]
[WhiteElo "1993"]
[BlackElo "2149"]
[Annotator "TA"]
[PlyCount "78"]
[EventDate "2017.??.??"]
[EventType "swiss"]
[EventCountry "GCI"]
[SourceTitle "playchess.com"]
[Source "ChessBase"]
[SourceQuality "1"]

{[%evp 16,78,13,-40,-46,-28,-43,-44,15,-20,-30,-17,-16,-18,-18,-26,-5,-16,-13,-16,0,10,18,21,33,-50,-48,-91,-30,-22,-6,-92,-89,-84,-52,-56,-53,-50,-64,-81,-66,-112,-112,-136,-114,-171,-183,-407,-83,-1021,-447,-29984,-29985,-29985,-29986,-29987,-29982,-29988,-29989,-29990,-29991,-29991,-29991,-29991,-12844]} 1. c4 g6 2. Nc3 Bg7 3. g3 e5 4. Bg2 d6 5. d3 Nc6 6. e4 f5 7. Nge2 Nf6 8. O-O O-O 9. f4 {LiveBook: 10 Games} (9. Nd5 $11) 9... exf4 $15 {A26: English Opening vs King's Indian with ...Nc6 and d3} (9... Be6 10. fxe5 dxe5 11. Be3 Qd6 12. Kh1 Rf7 13. Nd5 Raf8 14. Qb3 Ng4 15. c5 Qd7 16. Bg1 Nd8 17. Qc2 fxe4 18. dxe4 Rxf1 19. Rxf1 Rxf1 20. Bxf1 {0-1 (39) Charochkina,D (2411)-Kuzubov,Y (2648) Tashkent 2014}) 10. Bxf4 fxe4 11. dxe4 Ng4 $146 (11... Be6 $15) ({Predecessor:} 11... Be6 12. Nd5 Qd7 13. c5 Bg4 14. cxd6 cxd6 15. Ne3 Rad8 16. Nxg4 Nxg4 17. Bh3 {1-0 (37) Kupreichik,V (2429)-Glek,I (2536) Germany 1999}) 12. Qd2 Be6 13. Nd5 Qd7 14. Rac1 Rf7 15. c5 Nge5 16. cxd6 Qxd6 17. Rcd1 Bg4 18. h3 Bxe2 19. Qxe2 Raf8 20. Qb5 (20. Kh1 $14) 20... g5 21. Ne3 {[#]} Nd4 ({Black should play} 21... a6 $1 $17 {[%cal Ra6b5]} 22. Bxe5 Qxd1 23. Rxd1 axb5 24. Bxg7 Kxg7) 22. Bxe5 $1 $11 Bxe5 23. Qc4 (23. Qxb7 $11 {remains equal.} Qc5 24. Rxf7 Rxf7 25. Ng4) 23... b5 $17 24. Qd3 c5 25. Rxf7 Rxf7 26. Ng4 a5 $36 {[%mdl 2048] White is under pressure.} 27. Nxe5 Qxe5 28. g4 Kg7 29. Rf1 Rf4 30. a4 {[#]} (30. Rd1 $17) 30... c4 $1 $19 {[%cal Rc4d3]} ({Don't take} 30... bxa4 31. Kh1 $17) 31. Qd2 $2 (31. Qe3 {only move.} b4 32. Rd1) 31... b4 $2 (31... Rxf1+ $19 {is more deadly.} 32. Kxf1 b4) 32. Rxf4 $4 {[%mdl 8192]} (32. Rd1 $17 Nf3+ 33. Bxf3 Rxf3 34. Qd4 Qxd4+ 35. Rxd4) 32... gxf4 (32... c3 $142 33. Rf7+ Kxf7 34. Qf2+ Kg7 35. bxc3 bxc3) 33. Qd1 (33. Kh1 $19 h6 34. Qc1) 33... c3 {Black mates.} 34. bxc3 bxc3 {[%cal Bb4c3,Bc3c2][%mdl 32]} 35. Qb1 Qc7 36. Qd1 Qc5 37. Kf1 c2 38. Qc1 Qc3 39. Kf2 Qe3+ {Precision: White = 25%, Black = 51%.} (39... Qg3+ $142 40. Kf1 Qe3 41. Qxe3 fxe3 42. Bf3 c1=Q+ 43. Kg2 Qe1 44. Bd1 Qf2+ 45. Kh1 e2 46. Bxe2 Nxe2 47. g5 Ng3#) 0-1

[Event "43rd Guernsey Festival 2017"]
[Site "Vale"]
[Date "2017.10.16"]
[Round "2"]
[White "Boerkamp, Harry"]
[Black "Timmermans, Ivo"]
[Result "0-1"]
[WhiteElo "1896"]
[BlackElo "2126"]
[Annotator "TA"]
[PlyCount "112"]
[EventDate "2017.??.??"]
[EventType "swiss"]
[EventCountry "GCI"]
[SourceTitle "playchess.com"]
[Source "ChessBase"]
[SourceQuality "1"]

{[%evp 18,112,0,-5,-12,-8,-7,-1,0,0,-10,-45,-40,-62,-64,-59,-75,-77,-78,-79,-68,-82,-64,-53,-23,-20,-7,-62,-45,-62,-63,-45,-13,-108,-113,-168,-147,-187,-159,-187,-208,-185,-185,-271,-261,-232,-223,-202,-200,-292,-299,-289,-299,-293,-288,-274,-288,-624,-607,-582,-575,-963,-929,-771,-378,-403,-378,-378,-378,-378,-378,-378,-378,-348,-348,-857,-850,-841,-801,-786,-770,-712,-643,-12835,-12835,-12836,-12836,-12838,-12839,-12839,-12839,-12840,-12840,-12845,-12845,-12845,-12846]} 1. e4 e5 2. Nf3 Nc6 3. Bc4 Bc5 4. b4 Bb6 5. a4 a6 6. c3 Nf6 7. d3 d6 8. O-O O-O 9. Qb3 {C54: Giuoco Piano: 4 c3 Nf6, main lines with 5 d4 and 5 d3} (9. Bg5 h6 10. Bh4 g5 11. Bg3 Ne7 12. Nbd2 Ng6 13. Bb3 c6 14. Nc4 Bc7 15. Ne3 d5 16. Qc2 Be6 17. exd5 Nxd5 {1-0 (44) Akopian,V (2675)-Ganguly,S (2668) Doha 2016}) 9... Ne7 10. Bg5 {LiveBook: 3 Games} Ng6 11. Nbd2 {The position is equal.} (11. Nh4 {feels hotter.} Nh8 12. a5 Ba7 13. Nf3 h6 14. Be3) 11... h6 12. Be3 Bxe3 13. fxe3 c6 {[#] And now ...d5 would win.} 14. Qc2 d5 15. exd5 $146 ({Predecessor:} 15. Bb3 dxe4 16. dxe4 {½-½ (41) Nastase,R (2217)-Sundararajan,K (2422) Arad 2017}) 15... cxd5 {Hoping for ...Ng4.} 16. Bb3 Be6 17. Rfe1 Rc8 18. Rac1 Qd6 19. Qb2 Bf5 20. Bc2 Rfe8 21. c4 e4 22. Nd4 (22. c5 $11 Qd7 23. dxe4 Bxe4 24. Nxe4 Nxe4 25. a5) 22... Ng4 $15 23. Nf1 $1 Qf6 $36 {[%mdl 2048] Black is pushing.} 24. dxe4 $1 dxe4 25. Bd1 (25. Bb1 $11) 25... N6e5 $17 {White must now prevent ...Nd3.} 26. Be2 (26. Ng3 $17 Bg6 27. Bxg4 Nxg4 28. Qe2) 26... Bd7 {Strongly threatening ...Qf2+.} 27. Bxg4 Bxg4 28. c5 Nd3 29. Qd2 Qe5 30. Rc4 (30. a5 $142) 30... Nxe1 $19 31. Qxe1 Be6 32. Rc1 f5 {[%cal Bf7f5,Bf5f4][%mdl 32]} 33. Nd2 (33. Qc3 {is a better defense.}) 33... f4 34. Nxe6 Rxe6 35. Nc4 Qg5 36. exf4 Qxf4 37. Rd1 $2 (37. Qe3 Qxe3+ 38. Nxe3) 37... e3 {aiming for ...e2.} 38. Qe2 Rf8 39. b5 axb5 40. axb5 Qf2+ (40... Qg5 $142 41. Nxe3 Rxe3 42. Qc4+ Kh8) 41. Qxf2 exf2+ {[%mdl 4096] Endgame KRR-KRN} 42. Kf1 {[#] If White can now play Nd6 this consolidates a bit.} Re1+ $1 43. Rxe1 fxe1=Q+ ({Resist} 43... fxe1=B+ 44. Kxe1 Rf5 45. c6 $19) 44. Kxe1 {KR-KN} Rf5 45. c6 bxc6 {[%cal Bb7c6,Bc6c5][%mdl 32]} ({Don't do} 45... Rxb5 46. cxb7 Rxb7 47. Ke2) 46. b6 $2 (46. bxc6 Rc5 47. Nb2) 46... Rb5 {Black is clearly winning.} 47. Kd2 Kf8 48. Kd3 Ke7 49. Kd4 Ke6 50. g4 c5+ 51. Kc3 g6 52. h3 Kd5 53. Ne3+ Kc6 54. Nc4 Rxb6 55. Nxb6 Kxb6 56. h4 Kc6 {Precision: White = 35%, Black = 84%.} 0-1

[Event "43rd Guernsey Festival 2017"]
[Site "Vale"]
[Date "2017.10.16"]
[Round "2"]
[White "Bakker, Joop"]
[Black "Dilleigh, Stephen P"]
[Result "1/2-1/2"]
[WhiteElo "1853"]
[BlackElo "2063"]
[Annotator "NA RC"]
[PlyCount "28"]
[EventDate "2017.??.??"]
[EventType "swiss"]
[EventCountry "GCI"]
[SourceTitle "playchess.com"]
[Source "ChessBase"]
[SourceQuality "1"]
[TimeControl "40/6000+30:2400+30"]

{[%evp 8,28,16,14,34,47,51,16,0,0,16,12,9,8,60,51,43,40,66,81,74,0,58]} 1. e4 {[%emt 0:00:00]} e6 {[%emt 0:00:11]} 2. d4 {[%emt 0:00:00]} d5 {[%emt 0:00:11]} 3. exd5 {[%emt 0:00:00]} exd5 {[%emt 0:00:13]} 4. Nf3 {[%emt 0:00:00]} Bd6 {[%emt 0:00:52]} 5. c4 {[%emt 0:00:00]} dxc4 {[%emt 0:00:17]} 6. Bxc4 {[%emt 0:00:03]} Nf6 {[%emt 0:00:24]} 7. O-O {[%emt 0:02:55]} O-O {[%emt 0:00:20]} 8. Bg5 {[%emt 0:01:03]} h6 {[%emt 0:07:18] LiveBook: 41 Games} 9. Bh4 {[%emt 0:00:11]} Nc6 {[%emt 0:00:54]} 10. h3 {[%emt 0:11:23]} Bf5 {[%emt 0:18:13]} 11. Nc3 {[%emt 0:02:05]} g5 {[%emt 0:18:17]} 12. Bg3 {[%emt 0:01:47]} Bxg3 {[%emt 0:00:15]} 13. fxg3 {[%emt 0:00:08]} Bg6 {[%emt 0:01:33]} 14. Ne5 {[%emt 0:17:43]} ({Better is} 14. d5 $14 Na5 15. Be2) 14... Nxe5 $14 {[%emt 0:11:50]} (14... Kg7 $11) 1/2-1/2

[Event "43rd Guernsey Festival 2017"]
[Site "Vale"]
[Date "2017.10.16"]
[Round "2"]
[White "Dennis, Nigel W"]
[Black "Collins, Alan"]
[Result "1/2-1/2"]
[WhiteElo "1785"]
[BlackElo "1700"]
[Annotator "NA RC"]
[PlyCount "41"]
[EventDate "2017.??.??"]
[EventType "swiss"]
[EventCountry "GCI"]
[SourceTitle "playchess.com"]
[Source "ChessBase"]
[SourceQuality "1"]
[TimeControl "40/6000+30:2400+30"]

1. e4 {[%emt 0:00:00]} d6 {[%emt 0:00:07]} 2. c4 {[%emt 0:00:00]} Nf6 {[%emt 0:00:40]} 3. Nc3 {[%emt 0:00:07]} e5 {[%emt 0:01:09]} 4. Nf3 {[%emt 0:00:40]} Bg4 {[%emt 0:01:53]} 5. h3 {[%emt 0:00:55]} Bh5 {[%emt 0:00:50]} 6. Be2 {[%emt 0:01:01]} Bxf3 {[%emt 0:06:12]} 7. Bxf3 {[%emt 0:00:56]} Nc6 {[%emt 0:01:40]} 8. d3 {[%emt 0:01:15]} Be7 {[%emt 0:01:51]} 9. Be3 {[%emt 0:00:46]} Nd4 {[%emt 0:04:50]} 10. O-O {[%emt 0:01:07]} O-O {[%emt 0:01:28]} 11. b4 {[%emt 0:05:02]} a5 {[%emt 0:17:44]} 12. b5 {[%emt 0:01:29]} Nxf3+ {[%emt 0:01:59]} 13. Qxf3 {[%emt 0:05:05]} b6 {[%emt 0:00:19]} 14. a4 {[%emt 0:01:31]} Qd7 {[%emt 0:22:27]} 15. Nd5 {[%emt 0:07:41]} Nxd5 {[%emt 0:04:57]} 16. cxd5 {[%emt 0:00:20]} Rae8 {[%emt 0:00:19]} 17. Rac1 {[%emt 0:05:24]} f5 {[%emt 0:01:41]} 18. exf5 {[%emt 0:00:44]} Rxf5 {[%emt 0:00:18]} 19. Rxc7 {[%emt 0:04:14]} Qxc7 {[%emt 0:13:03]} 20. Qxf5 {[%emt 0:00:10]} Qc2 {[%emt 0:01:48]} 21. Qe4 {[%emt 0:04:06]} 1/2-1/2

[Event "43rd Guernsey Festival 2017"]
[Site "Vale"]
[Date "2017.10.16"]
[Round "2"]
[White "Stanners, Michael J"]
[Black "Ruigrok, Jacques"]
[Result "1/2-1/2"]
[WhiteElo "1761"]
[BlackElo "1679"]
[Annotator "NA RC"]
[PlyCount "52"]
[EventDate "2017.??.??"]
[EventType "swiss"]
[EventCountry "GCI"]
[SourceTitle "playchess.com"]
[Source "ChessBase"]
[SourceQuality "1"]
[TimeControl "40/6000+30:2400+30"]

1. d4 {[%emt 0:00:56]} Nf6 {[%emt 0:00:43]} 2. Nf3 {[%emt 0:00:08]} e6 {[%emt 0:00:32]} 3. e3 {[%emt 0:00:21]} b6 {[%emt 0:01:31]} 4. Bd3 {[%emt 0:00:12]} Bb7 {[%emt 0:00:42]} 5. Nbd2 {[%emt 0:00:14]} d6 {[%emt 0:01:56]} 6. O-O {[%emt 0:00:09]} Be7 {[%emt 0:02:16]} 7. Qe2 {[%emt 0:00:16]} Nbd7 {[%emt 0:01:41]} 8. Re1 {[%emt 0:00:21]} O-O {[%emt 0:01:24]} 9. c3 {[%emt 0:01:49]} Re8 {[%emt 0:04:28]} 10. e4 {[%emt 0:01:38]} e5 {[%emt 0:01:14]} 11. d5 {[%emt 0:05:08]} a5 {[%emt 0:05:53]} 12. b4 {[%emt 0:07:03]} axb4 {[%emt 0:09:21]} 13. cxb4 {[%emt 0:00:06]} c5 {[%emt 0:02:27]} 14. dxc6 {[%emt 0:03:40]} Bxc6 {[%emt 0:00:55]} 15. Bb5 {[%emt 0:05:45]} Bxb5 {[%emt 0:04:32]} 16. Qxb5 {[%emt 0:00:12]} Nf8 {[%emt 0:02:28]} 17. Nf1 {[%emt 0:07:27]} Ne6 {[%emt 0:01:56]} 18. Ng3 {[%emt 0:02:46]} g6 {[%emt 0:01:40]} 19. Be3 {[%emt 0:01:49]} Qd7 {[%emt 0:11:56]} 20. Qd3 {[%emt 0:10:33]} b5 {[%emt 0:05:12]} 21. Red1 {[%emt 0:03:22]} Qb7 {[%emt 0:01:31]} 22. Nd2 {[%emt 0:08:34]} d5 {[%emt 0:03:14]} 23. exd5 {[%emt 0:08:31]} Nxd5 {[%emt 0:01:06]} 24. Qe4 {[%emt 0:05:00]} Rab8 {[%emt 0:04:34]} 25. Rac1 {[%emt 0:10:34]} Nxb4 26. Ra1 Nc6 1/2-1/2

[Event "43rd Guernsey Festival 2017"]
[Site "Vale"]
[Date "2017.10.16"]
[Round "2"]
[White "Kirk, Matthew"]
[Black "Turner, David J"]
[Result "0-1"]
[WhiteElo "1721"]
[BlackElo "1774"]
[Annotator "NA RC"]
[PlyCount "66"]
[EventDate "2017.??.??"]
[EventType "swiss"]
[EventCountry "GCI"]
[SourceTitle "playchess.com"]
[Source "ChessBase"]
[SourceQuality "1"]
[TimeControl "40/6000+30:2400+30"]

1. d4 {[%emt 0:00:04]} d6 {[%emt 0:00:23]} 2. Nf3 {[%emt 0:00:37]} Nf6 {[%emt 0:00:19]} 3. c4 {[%emt 0:00:36]} c5 {[%emt 0:01:24]} 4. d5 {[%emt 0:00:10]} b5 {[%emt 0:01:07]} 5. Nbd2 {[%emt 0:01:14] LiveBook: 6 Games} g6 {[%emt 0:03:30]} 6. e4 {[%emt 0:00:38]} Nbd7 {[%emt 0:01:51]} 7. cxb5 {[%emt 0:00:41]} a6 {[%emt 0:00:06]} 8. bxa6 {[%emt 0:01:16]} Bxa6 {[%emt 0:00:06]} ({Better is} 8... Bg7 $14) 9. Bxa6 {[%emt 0:00:18]} Rxa6 {[%emt 0:00:04]} 10. O-O $14 {[%emt 0:00:28]} Qa8 {[%emt 0:00:48]} 11. a3 {[%emt 0:01:42]} Bg7 {[%emt 0:00:09]} 12. Qc2 {[%emt 0:00:50]} O-O {[%emt 0:00:34]} 13. Nc4 {[%emt 0:01:07]} Rb8 {[%emt 0:01:53]} 14. Rb1 {[%emt 0:05:20]} Nb6 {[%emt 0:06:30]} 15. Nfd2 {[%emt 0:04:25]} Nfd7 {[%emt 0:01:27]} 16. b4 {[%emt 0:03:14]} cxb4 {[%emt 0:17:23]} 17. axb4 {[%emt 0:00:14]} Ne5 {[%emt 0:09:45]} 18. Na5 {[%emt 0:05:59]} Kf8 {[%emt 0:01:24]} 19. Nc6 {[%emt 0:06:11]} Rc8 {[%emt 0:03:43]} 20. b5 {[%emt 0:00:16]} Ra2 {[%emt 0:00:55]} 21. Qb3 {[%emt 0:00:55]} Ned7 {[%emt 0:04:10]} 22. Qh3 {[%emt 0:05:13]} h5 {[%emt 0:04:43]} 23. Nc4 {[%emt 0:03:50]} Qb7 {[%emt 0:11:17]} 24. Nxb6 {[%emt 0:00:37]} Nxb6 {[%emt 0:00:13]} 25. Be3 {[%emt 0:02:33]} Nc4 {[%emt 0:03:37]} 26. Bd4 {[%emt 0:01:40]} Bxd4 {[%emt 0:06:45]} 27. Nxd4 {[%emt 0:02:30]} Rc5 {[%emt 0:03:12]} 28. Ra1 {[%emt 0:01:36]} Qa8 {[%emt 0:03:57]} 29. Rxa2 {[%emt 0:00:26]} Qxa2 {[%emt 0:00:08]} 30. Nc6 {[%emt 0:02:32]} Nd2 {[%emt 0:09:52]} 31. Re1 {[%emt 0:07:24]} Rxb5 {[%emt 0:05:36]} 32. Qd7 {[%emt 0:00:14]} Rb1 {[%emt 0:00:40]} 33. Qxe7+ {[%emt 0:02:18]} Kg7 {[%emt 0:01:23]} 0-1